000 004640000a22001810004500
003 MACL
005 20150910141025.0
008 150910b xxu||||| |||| 00| 0 eng d
040 _aMACL
_cMACL
041 _aEnglish
082 _a821/SEK
100 _aGill, Tejwant Singh
_99791
245 _aSant Singh Sekhon
_bMakers of Indian Literature
260 _bSahitya Akademi
_c2008
_aNew Delhi
350 _a40
650 _aPoetry
_99896
942 _cBK
_k821/SEK
_2ddc
999 _c41807
_d41807